[Event "Dortmund op-B"]
[Site "Dortmund"]
[Date "2007.06.28"]
[Round "6"]
[White "Kubo, Thomas"]
[Black "Wenzel, Ralph"]
[Result "1-0"]
[WhiteElo "1738"]
[BlackElo "1617"]
[PlyCount "65"]
[EventDate "2007.06.22"]
[EventType "swiss"]
[EventRounds "9"]
[EventCountry "GER"]
[SourceTitle "EXT 2008"]
[Source "ChessBase"]
[SourceDate "2007.11.25"]
[SourceVersion "1"]
[SourceVersionDate "2007.11.25"]
[SourceQuality "1"]

1. e4 e5 2. Nf3 Nc6 3. Bb5 a6 4. Bxc6 dxc6 5. 0-0 Bg4 6. h3 Bxf3 7. Qxf3 Ne7 8. d3 Ng6 9. Be3 Be7 10. Nd2 Qd7 11. Nb3 0-0 12. d4 Rad8 13. Rad1 Qc8 14. dxe5 Nxe5 15. Qe2 b6 16. Nd4 Rfe8 17. f4 Ng6 18. Nxc6 Rxd1 19. Rxd1 Qe6 20. Nxe7+ Qxe7 21. e5 f6 22. Qc4+ Kh8 23. e6 Nf8 24. f5 g6 25. g4 c5 26. Qd5 gxf5 27. gxf5 Nxe6 28. fxe6 Rg8+ 29. Kh2 Qg7 30. Rg1 Qc7+ 31. Kh1 Rd8 32. Qf3 Qe5 33. Bh6 1-0